000 00983njm a22002777a 4500
005 20100903113239.0
007 sd ammalaaahaa
008 100830t xxu||||| |||| 00| 0 hin d
028 _aHLD. 8479
_bLondon American Recordigs
028 _aMSD. 1884
_bLondon American Recordigs
028 _aMSD. 1883
_bLondon American Recordigs
035 _aGR-490
040 _aSED/VEN
100 _917458
_aPat Boone
245 _aRemember you're mine part 1 :
_cby Margie Rayburn
_h[Sound recording] :
_bmann lowe /
246 _a
260 _aDum Dum, India
_bLondon American Recordigs
300 _a1 Sound disc [Gramophone Record] :
_banlog, 33 1/3 rpm
_c10 in (LP)
_fGramophone Records
500 _aBrief record
505 _aThere's a gold mine in the sky (Kenny)
650 _aOrchestra
_91186
_zIndia
_xExcerpts
700 _917459
700 _917960
942 _2ddc
_cGR
999 _c43508
_d43508